000 05394nam a2200481Ia 4500
001 dia_5213
003 CHAP
005 20240903183320.0
007 ta
008 220117s2013 mx bdeofrm 001 0 spa d
010 _a176113
040 _cCHAP
_amxchpua
_erda
041 0 _aspa
_beng
090 _aTesis
_bG85
_c2013
100 1 _aGuillén Guijosa, Yanet
245 1 0 _aProyecto de inversión para el establecimiento de un rastro tipo Inspección Federal (TIF) de ganado bovino en Canatlán, Durango /
_cYanet Guillén Guijosa y Santo Tomás Pérez Franco
264 _aChapingo, México :
_bEl autor,
_c2013
300 _axiii, 96 hojas :
_bmapas, gráficas, diagramas, tablas, fotos, planos +
_e1 CD-ROM
336 _2rdacontent
_atexto
_btxt
337 _2rdamedia
_ano mediado
_bn
338 _2rdacarrier
_avolumen
_bnc
500 _aEl CD contiene el reporte -- Los planos están incluidos en el reporte
502 _aFormulación y Evaluación de Proyectos
_b(Ingeniero Agroindustrial) --
_cUACh. Departamento de Ingeniería Agroindustrial,
_d2013
504 _aBibliografía: hojas 71-73
505 _a2 planos -- 1. Plano de distribución de áreas (Esc. 1:450) -- 2. Plano de distribución de equipo y recorrido (Esc. 1:450)
520 3 _aEn el presente proyecto nos hemos enfocado al cumplimiento de las normas oficiales con las que debe cumplir un establecimiento para obtener la certificación TIF, haciendo uso de todos los recursos disponibles con los que cuenta el municipio de Canatlán, como la disposición de materia prima, la oferta y la demanda, factores que son la clave para el desarrollo exitoso de dicho proyecto. Uno de los principales factores que influyó sobre la elaboración del proyecto de inversión para el establecimiento de un rastro tipo inspección federal, fue la importancia que representa este sello en los productos cárnicos, el cual además de garantizar la inocuidad en los procesos de producción, abre las puertas del mercado nacional e internacional, creando así grandes oportunidades de crecimiento económico para este tipo de agroindustria. Se realizó el análisis de cada uno de los parámetros que comprenden un proyecto de inversión: análisis técnico, análisis de mercado y análisis financiero dentro del cual se refleja la rentabilidad del proyecto. Para la realización del presente proyecto se utilizó el guion para la elaboración de proyectos de inversión de SEDESOL, debido a que se solicitará el financiamiento a esta instancia del Gobierno Federal porque las comunidades beneficiadas están clasificadas con un alto grado de marginación. Los resultados obtenidos de este estudio muestran que es necesaria una inversión inicial de $5, 241, 509. 70 y al analizar su comportamiento en un horizonte de vida de diez años, los indicadores económicos fueron, la TIR de 31.08%, la VAN  $8,454,710.98, y una R/C de $1.86, por lo que se concluye que la instalación y puesta en marcha de este proyecto es técnica, económica, social y ambientalmente factible.  
520 3 _aIn this project we have focused on compliance with the official rules you need to follow an establishment for TIF certification, making use of all the resources available to the municipality of Canatlán such as the provision of raw materials, the supply and demand, which are the key factors for the successful development of the project. One of the main factors that influenced on the development of the investment project for the establishment of a federally inspected trail was the importance that represents this label on meat products, which not only ensure safety in production processes, open the doors of the national and international market, creating great opportunities for economic growth in this type of agribusiness. Analysis was performed for each of the parameters comprising an investment project: technical analysis, market analysis and financial analysis within which reflects the profitability of the project. For the realization of this project is the script used for the preparation of investment projects SEDESOL, due to a request for funding to this instance of the Federal Government and that the beneficiary communities are classified with a high degree of marginalization. The results of this study show that it is required an initial investment of $5,241,509.70 and to analyze their behavior on a horizon of ten-year life, economic indicators were, the IRR of 31.08%, the NVP $8,454,710.98, and an R / C 1.86, so we conclude that the installation and commissioning of this project is technically, economically, socially and environmentally feasible. 
650 1 2 _aMataderos
_xDiseño y construcción
_zMéxico
_zDurango
_2atg
650 1 3 _aIniciativa empresarial
_zMéxico
_zDurango
_2atg
650 1 3 _aSlaughterhouses
_xDesign and construction
_2atg
_zMexico
_zDurango
650 1 3 _aEntrepreneurship
_zMéxico
_zDurango
700 1 _aPonce Hernández, Pedro
_edirector
700 1 _aPérez Román, Arturo
_easesor
700 1 _aSzymanski Duque, Rosa Guadalupe
_easesora
856 4 1 _uhttp://10.13.5.2/tesis/sist109321.pdf
_yDESCARGAR PDF
901 _aTESIS G85 2013
902 _aM
905 _a5232272013 mx aenl8222223322spa16
942 _cTESIS
_2Clasificación Universidad Autónoma Chapingo
999 _c176113
_d176113